000 00706nam a2200253Ia 4500
003 OSt
005 20221006152826.0
006 a|||||r|||| 00| 0
007 ta
008 221006b |||||||| |||| 00| 0 jpn d
020 _cY3800
024 _a29,754
037 _bGift, Japan Foundation
_cTextual
040 _aEASL
_cEASL
_bjpn
041 _2jpn
_ajpn
082 _aR4, P5
100 _aMORAROJI KENKYUJO Ed.
_9661856
245 0 _aGurobaru jidai no komon morarity no tankyu
260 _aChiba
_bMoraroji Kenkyujo Japan
_c2005
300 _a444p.
_ccm.
650 _aJL
942 _hR4, P5
_cTEXL
_2CC
999 _c1097840
_d1097840